Music Quiz

Random Music or Song Quiz

100 Songs: 2000s (Clips) Quiz Stats

Quiz not verified by Sporcle

Challenge
Share
Tweet
Score 0/100 Timer 20:00
0 Plays Today
Time Song % Correct
2:06Complicated
92.6%
7:00Umbrella
90%
6:08Hollaback Girl
89.8%
0:00Yeah!
89.6%
3:04Lose Yourself
89.6%
5:32Crazy
89.4%
8:19Single Ladies (Put a Ring on It)
89.4%
0:37She Will Be Loved
88.5%
2:32Since U Been Gone
86.6%
9:35Bad Day
86.2%
11:28Hey Ya!
85.8%
12:39Hips Don't Lie
85.8%
1:34Gold Digger
84.9%
4:54How to Save a Life
84.5%
10:12Milkshake
84.3%
13:57Tik Tok
83.7%
3:27American Idiot
83.2%
7:57Just Dance
83.2%
6:16Low
82.6%
9:56Hot In Herre
82.2%
4:26In Da Club
81.9%
11:36Rehab
81.9%
9:45You're Beautiful
81.7%
12:16Seven Nation Army
78.4%
14:59Bye Bye Bye
78.4%
0:59In the End
77.9%
13:40Survivor
77.5%
4:06Big Girls Don't Cry
76.7%
12:31Chasing Cars
76.7%
3:14You Belong with Me
76.6%
11:00It Wasn't Me
74.9%
7:39Cry Me a River
74.7%
7:47Need You Now
73.2%
6:24Mercy
71.8%
Time Song % Correct
5:40Feel Good Inc.
71.5%
4:14Use Somebody
71.3%
14:19Bring Me to Life
70.3%
13:04Everytime We Touch
69.9%
2:25Bulletproof
69.4%
6:50Kryptonite
69.2%
0:53Paper Planes
66.2%
9:17Beautiful Girls
65.8%
3:46Smile
65.6%
5:02Hung Up
62.4%
2:17Candyman
61.6%
10:03Let's Get It Started
61.1%
1:17Vertigo
59.9%
1:09The Ketchup Song (Aserejé)
59.4%
1:24The Way I Are
53.3%
13:21The Pretender
52.7%
5:53Hey Baby (Uhh, Ahh)
51.2%
8:29Chop Suey!
47.4%
10:23Battlefield
46.7%
10:32Rollin' (Air Raid Vehicle)
44.8%
0:19Family Affair
43.9%
8:12Lips of an Angel
43.1%
12:56Breathless
43.1%
14:39Let Me Love You
42.7%
5:23Work It
42%
7:28Last Resort
41.8%
4:45Black & Gold
39.7%
14:48All the Things She Said
39.3%
9:09Untouched
37.4%
11:55Jerk It Out
37.4%
0:10Kids
36.9%
2:39Heaven
36.7%
1:44Youth of the Nation
36.5%
0:45Technologic
34.2%
Time Song % Correct
8:59Monster
34%
14:05Fight for This Love
33.3%
6:00Pork and Beans
29.5%
9:26I Wish I Was a Punk Rocker (With Flowers in My Hair)
29.3%
13:31Goodies
27.4%
14:30Blurry
26.1%
10:41Talk
25.7%
8:38Ignorance
25%
8:50From Paris to Berlin
24.8%
13:48Always Be My Baby
24.6%
2:55Lean Back
23.4%
3:55Savior
22.3%
6:40Foolish
22.1%
7:20Hole In the Head
22.1%
11:48Galvanize
20.4%
12:48Chain Reaction
20.4%
1:52Psychosocial
20.2%
0:301ne
18.1%
14:12All or Nothing
17.8%
13:12Foxtrot Uniform Charlie Kilo
16.6%
8:04Biology
15.7%
7:11Most Girls
13.4%
11:10Living for the Weekend
13.4%
3:3621 Seconds
10.4%
5:10Change (In the House of Flies)
10%
4:34Warrior's Dance
9.8%
11:19Ich Will
7.4%
10:49F.E.A.R.
5.9%
2:46Superstylin'
5.3%
12:24Lights & Music
4%
6:31Truth Is
2.3%
12:06Say A-Ha
2.1%

You're not logged in!

Compare scores with friends on all Sporcle quizzes.
Sign Up with Email
OR
Log In

You Might Also Like...

Show Comments

Extras

Top Quizzes Today


Score Distribution

Your Account Isn't Verified!

In order to create a playlist on Sporcle, you need to verify the email address you used during registration. Go to your Sporcle Settings to finish the process.